000 00345 a2200157 4500
001 75100
020 _a8516011259
040 _cAnchieta - Colégio São Paulo
100 _aLadeira, Julieta de Godoy
240 1 0 _aÍndio vivo
_lpor
245 1 0 _aÍndio vivo
300 _a70
362 0 _a1994
650 4 _aLiteratura infantil
942 _cBK
999 _c75100
_d75100